Equipe de France - Coupe du Monde 2010 - Statistiques

Statistiques générales
  • Ce quiz a été pris 602 fois
  • Le résultat moyen est 16 sur 24
Statistiques - réponses
Poste Club du moment Nom du joueur % Correct
G 1 OL Hugo LLORIS
97%
G 16 OM Steve MANDANDA
95%
ATT 12 Barcelone Thierry HENRY
92%
M 7 Bayern Munich Franck RIBERY
91%
D 13 Man.United Patrice EVRA
88%
ATT 21 Chelsea Nicolas ANELKA
86%
M 8 Bordeaux Yohan GOURCUFF
82%
D 2 Arsenal Bacary SAGNA
79%
D 3 Barcelone Éric ABIDAL
78%
G 23 Bordeaux Cédric CARRASSO
71%
ATT 11 Toulouse André-Pierre GIGNAC
70%
M 15 Chelsea Florent MALOUDA
69%
ATT 9 Panathinaïkos Djibril CISSE
65%
M 20 OM Mathieu VALBUENA
62%
D 5 Arsenal William GALLAS
61%
D 22 Arsenal Gael CLICHY
60%
M 14 OL Jérémy TOULALAN
60%
M 18 Bordeaux Alou DIARRA
58%
M 19 Arsenal Abou DIABY
54%
Coach // France Raymond DOMENECH
54%
D 4 OL Anthony REVEILLERE
48%
M 10 OL Sydney GOVOU
46%
D 6 Bordeaux Marc PLANUS
38%
D 17 Séville Sébastien SQUILLACI
36%
Aucun quiz correspondant
Distribution des résultats
% des personnes avec chaque résultat
Percentile par nombre de réponses
Votre historique - résultats
Vous n’avez pas pris ce quiz